000
00200nam a22000857a 4500
008
170524b xxu||||| |||| 00| 0 eng d
100
_9
3109
_a
Pal.y.etal.
245
_a
Secondary Biology
260
_a
New Delhi
999
_c
6395
_d
6395